• 首页
  • 本馆介绍
  • 公告通知
  • 最新文献
  • 馆藏检索
  • 电子资源
  • 读者导购
  • 参考咨询
  • 我的图书馆
  • 登录
  • 详细信息显示
  • 放入我的书架
  • 预约/预借图书
  • 作者相关作品
  • 分类相关作品
  • 丛书相关作品
  • 出版社相关作品

书目信息

  • 表格格式
  • 工作单格式
  • 卡片格式
题名:
等离子体—物质第四态
    
 
作者: Д·А·夫兰克-卡勉涅茨基 著 ;张森 译
分册:  
出版信息: 上海   上海科学技术出版社  1965.03
页数: 124页
开本: 19cm
丛书名: 物理学基础知识丛书
单 册:
中图分类: O53
科图分类:
主题词: 等离子体物理学
电子资源:
ISBN:
000 00861nam2 2200265 45
001 0183011990
005 20060421091608.75
010    @dCNY0.55
100    @a19950706d1965 emky0chiy0121 ea
101 0  @achi@crus
102    @aCN@b310000
102    @aCN@b310000
105    @ay z 000yy
200 10 @a等离子体—物质第四态@Adeng li zi ti—wu zhi di si tai@f(苏)Д·А·夫兰克-卡勉涅茨基著@F(su)Д·А·fu lan ke-ka mian nie ci ji zhu@g张森译@Gzhang sen yi
210    @a上海@c上海科学技术出版社@d1965.03
215    @a124页@d19cm
225 2  @a物理学基础知识丛书
410  0 @120010@a物理学基础知识丛书
606    @a等离子体物理学
690    @aO53@v3
701  0 @aД·А·夫兰克-卡勉涅茨基@AД·А·fu lan ke-ka mian nie ci ji@4著
702  0 @a张森@Azhang sen@4译
801  2 @aCN@bNLC@c20060421
801  0 @aCN@b上海图书馆@c20040706
905    @dO53@e4
    
    等离子体—物质第四态/(苏)Д·А·夫兰克-卡勉涅茨基著/张森译.-上海:上海科学技术出版社,1965.03
    124页;19cm.-(物理学基础知识丛书)
    
    
    ISBN :CNY0.55
    
●
相关链接 在E读中查询图书 在五车中查询图书 在当当中查询图书 在豆瓣中查询图书


正题名:等离子体—物质第四态     索取号:O53/4         预约/预借

序号 登录号 条形码 馆藏地/架位号 状态 备注
1 0015895   202277829   密集书库/ [索取号:O53/4] 在馆    
唐山师范学院图书馆 欢迎您!
大连网信软件有限公司© 版权所有